Statistics for Can you name the kpop group by one member?

Click here to take the quiz!

General Stats

  • This quiz has been taken 4,657 times
  • The average score is 15 of 30

Answer Stats

HintAnswer% Correct
JiminBTS
98%
XiuminEXO
91%
HwasaMamamoo
91%
SanaTwice
89%
SeungkwanSeventeen
88%
TOPBigbang
85%
CL2ne1
78%
SunnyGirls Generation
75%
SornCLC
71%
Hyuna4minute
69%
ChangsubBtob
62%
SuzyMiss a
61%
LeoVixx
61%
YuJuGfriend
60%
EunjiApink
50%
YoungkDay6
48%
WooseokPentagon
46%
Goo HaraKara
45%
JiyeonT-ara
42%
YuraGirls Day
33%
HyejeongAOA
32%
YoseobBeast
32%
ZuhoSF9
32%
YonghwaCN blue
29%
HongkiFT island
29%
HyojungOh My Girl
21%
AtomTopp Dogg
10%
JeupImfact
9%
Ga-inBrown Eyed Girls
8%
WoosooMasc
5%

Score Distribution

Percentile by Number Answered

Percent of People with Each Score

Your Score History

You have not taken this quiz